00833nam a2200229Ii 450000100060000000300090000600800410001502000150005604000330007104100080010408200200011210000270013224500910015926400490025030000120029933600260031133700280033733800270036594000520039299900170044495201420046118966CO-ViMGA241108s9999||||xx |||||||||||||| ||und|| a958939342X aCO-ViMGAbspaerdacCO-ViMGA0 aspa04aR 759.9861 B67n1 aFernando Botero94680010aNuevas obras sobre lienzo :bentrevista con Fernando Botero por Ana María Escallón 1aBogotá, Colombia : Villegas Editores, 2001 avolumen atextbtxt2rdacontent aunmediatedbn2rdamedia avolumebnc2rdacarrier aidficha_siabuc: 18623. -- ficha_no_siabuc:18966 c41370d41370 001040708014aMEVIGERRbMEVIGERRcREFd2016-03-02oR 759.9861 B67npECA11102r2024-11-26 08:56:07tEj.1w2024-11-26yBKz18623 | 23790